Los combates navales en la Guerra del Pacífico (Record no. 166801)

MARC details
000 -LEADER
campo de control de longitud fija 00628nam a22001695i 4500
001 - NÚMERO DE CONTROL
campo de control 166801
003 - IDENTIFICADOR DE NÚMERO DE CONTROL
campo de control ES-MaACL
005 - FECHA Y HORA DE LA ÚLTIMA TRANSACCIÓN
campo de control 20230906213414.0
008 - DATOS DE LONGITUD FIJA--INFORMACIÓN GENERAL
campo de control de longitud fija 031010s1886 cl f |||| | spa d
040 ## - FUENTE DE CATALOGACIÓN
Centro catalogador/agencia de origen CCPB | B
Lengua de catalogación spa
Centro/agencia transcriptor CCPB | B
100 1# - ENTRADA PRINCIPAL--NOMBRE DE PERSONA
Nombre de persona Uribe y Orrego, Luis.
9 (RLIN) 133456
245 14 - MENCIÓN DEL TÍTULO
Título Los combates navales en la Guerra del Pacífico
Resto del título : 1879-1881 /
Mención de responsabilidad, etc. por Luis Uribe y Orrego.
260 ## - PUBLICACIÓN, DISTRIBUCIÓN, ETC.
Lugar de publicación, distribución, etc. Valparaiso :
Nombre del editor, distribuidor, etc. [s.n.],
Fecha de publicación, distribución, etc. 1886 (
Fabricante imprenta de "La Patria")
300 ## - DESCRIPCIÓN FÍSICA
Extensión 200 p., [8] h. de grab. ;
Dimensiones 22 cm.
650 #4 - PUNTO DE ACCESO ADICIONAL DE MATERIA--TÉRMINO DE MATERIA
Término de materia o nombre geográfico como elemento de entrada Guerra del Pacífico, 1879-1881-
Subdivisión general Operaciones navales.
9 (RLIN) 136207
852 ## - LOCALIZACIÓN
Ubicación ES-MaACL
Número de control de estantería G-6708
Nota libre -- Enc. pasta
Holdings
Estatus retirado Estado de pérdida Estado de daño No para préstamo Colección Biblioteca de origen Biblioteca actual Ubicación en estantería Fecha de adquisición Fuente de adquisición Total de préstamos Signatura topográfica completa Código de barras Visto por última vez Precio de reemplazo Tipo de ítem Koha
        Libros del s. XIX Biblioteca del Ateneo de Madrid Biblioteca del Ateneo de Madrid Depósito 2 17/01/2008     G-6708 1174953 23/02/2023 23/02/2023 Libro impreso antiguo